| 000 | 00872cam a2200277 a 4500 | ||
|---|---|---|---|
| 999 |
_c329678 _d329678 |
||
| 001 | 12661142 | ||
| 003 | NUST | ||
| 005 | 20170616092820.0 | ||
| 008 | 000225s2000 pk 000 0 urdo | ||
| 010 | _a 00281844 | ||
| 020 | _a9693510844 | ||
| 025 | _aP-U-00281844; 08 | ||
| 035 | _a(DLC) 00281844 | ||
| 040 |
_aDLC _cDLC |
||
| 042 | _alcode | ||
| 050 | 0 | 0 |
_aPN6222.P3 _bB36 2000 |
| 082 |
_a891.4397 _bBUT |
||
| 100 | 1 |
_aBaṭ, Muḥammad Yūnus. _9955 |
|
| 245 | 1 | 0 |
_aBaṭ ṣūrtiyān̲ / _cMuḥammad Yūnus Baṭ. |
| 260 |
_aLāhore : _bSang-i Mīl Pablīkeshanz, _c2000. |
||
| 300 |
_a239 p. ; _c22 cm. |
||
| 520 | _aWit and humour; articles on socio-political topics. | ||
| 546 | _aIn Urdu. | ||
| 650 |
_aUrdu Literature _9347 |
||
| 880 |
_aبٹ صورتیاں _6245-02\(3\r _cڈاکٹر محمد یونس بٹ |
||
| 880 |
_aڈاکٹر محمد یونس بٹ _6100-01\(3\r |
||
| 880 |
_aلاہور: _6260-03\(3\r _bسنگ میل پبلی کیشنز، _c2008 |
||
| 906 |
_a7 _bcbc _corigode _d3 _encip _f20 _gy-gencatlg |
||
| 942 |
_2ddc _cBK |
||